Cesta k trhu kapitálu. 2

Kapitálové procesy neboli v systéme centralistického plánovania odvíjané z interakcie medzi trhovými subjektami, ale určovali sa zhora a následne boli rozpisované do podnikov. Finančné zdroje boli z podnikov odčerpávané na úkor obnovy, dochádzalo k zadlžovaniu podnikov na trvalo sa obracajúce zásoby...

Ausführliche Beschreibung

Gespeichert in:
Bibliographische Detailangaben
1. Verfasser: Kazda, V.
Format: Buchkapitel
Sprache:Tschechisch
Schlagworte:
Tags: Tag hinzufügen
Keine Tags, Fügen Sie das erste Tag hinzu!

MARC

LEADER 00000naa a2200000 4500
001 r004536
005 20221125080601.3
041 0 |a cze 
044 |a [CS] 
245 1 0 |a Cesta k trhu kapitálu. 2  |c V. Kazda 
520 |a Kapitálové procesy neboli v systéme centralistického plánovania odvíjané z interakcie medzi trhovými subjektami, ale určovali sa zhora a následne boli rozpisované do podnikov. Finančné zdroje boli z podnikov odčerpávané na úkor obnovy, dochádzalo k zadlžovaniu podnikov na trvalo sa obracajúce zásoby. Proces odštátnenia a komercionalizácie podnikov. Fungovanie kapitálového trhu a lepšia realizácia investičných procesov. 
610 2 0 |a trh kapitálový 
610 2 0 |a zdroje finančné 
610 2 0 |a financie podnikové 
610 2 0 |a dlhy 
610 2 0 |a zásoby 
610 2 0 |a deetatizácia 
610 2 0 |a odbyt 
610 2 0 |a proces investičný 
100 1 |a Kazda, V.